00477nam a22001457a 4500003000400000005001700004008004100021040001100062041001200073100005700085245005700142260005300199650002200252856005700274OSt20260223120941.0260223b |||||||| |||| 00| 0 eng d cMRSPTU aEnglish aBhushan Kumar Bansal, Supervisor: Dr. Manjeet Bansal aThe Effect of Basalt Fibre on Properties of Concrete bDepartment of Civil Engg. MRSPTU, Bathindac2017 aCivil Engineering uhttp://163.47.215.52:8080/jspui/handle/123456789/228